COUNTRIES BY EMOJIS - Statistics

General Stats
  • This quiz has been taken 20 times
  • The average score is 11 of 15
Answer Stats
Hint Answer % Correct
๐Ÿจ๐Ÿฆ˜๐Ÿ Australia
94%
๐Ÿ”ซ๐Ÿ”๐Ÿฆ… usa
94%
๐Ÿ๐Ÿ‘๐Ÿฅถ Canada
89%
๐Ÿฅ”๐Ÿป๐Ÿ€ Ireland
89%
๐Ÿ•๐Ÿ๐Ÿš“ italy
89%
๐Ÿฅ–๐Ÿ—ผ๐Ÿฅ‡ France
83%
๐Ÿฃ๐ŸŒธ๐ŸŒ Japan
83%
๐Ÿ‘‘๐Ÿ’ท๐Ÿฐ uk
83%
๐ŸŒ‹โ„๏ธ๐Ÿงฅ Iceland
72%
โœ๏ธ๐Ÿ‘จ๐Ÿปโ€๐Ÿฆณ๐Ÿ‡ฎ๐Ÿ‡น Vatican
61%
๐Ÿ—ป๐ŸŒ๐Ÿš Nepal
50%
๐Ÿ—ผ๐Ÿœ๏ธ๐Ÿค‘ UAE
50%
๐Ÿ›ข๏ธ๐Ÿ›•๐Ÿ• Saudi arabia
39%
๐Ÿ’ฃ๐Ÿ˜ญ๐Ÿ˜ก Ukraine
39%
โŒโŒโŒ North korea
33%
No matching quizzes found
Score Distribution
Percent of People with Each Score
Percentile by Number Answered
Your Score History
You have not taken this quiz